Statistics for Musical by picture

Click here to take the quiz!

General Stats

  • This quiz has been taken 34 times
  • The average score is 8 of 16

Answer Stats

Answer% Correct
Cats
100%
The Lion King
87%
Oklahoma!
68%
Evita
61%
Chicago
58%
Hairspray
58%
Hair
52%
Hamilton
48%
Carousel
45%
Fiddler on the Roof
45%
Kinky Boots
45%
Rent
45%
A Chorus Line
32%
Grease
23%
Cabaret
16%
The Book of Mormon
13%

Score Distribution

Percentile by Number Answered

Percent of People with Each Score

Your Score History

You have not taken this quiz